000 00293nam a2200109 4500
008 180215b xxu||||| |||| 00| 0 eng d
245 _aif you want to lose weight, don't diet.
260 _aPhilippines
_bManila Bulletin
_cc2016
300 _apage C1.
650 0 _926566
_aDiet.
942 _2ddc
_cPER
999 _c8689
_d8689